Sahithya niroopanam / (Record no. 11447)
[ view plain ]
| 000 -LEADER | |
|---|---|
| fixed length control field | 00389cam a2200157ua 4500 |
| 041 ## - LANGUAGE CODE | |
| Language code of text/sound track or separate title | mal |
| 082 ## - DEWEY DECIMAL CLASSIFICATION NUMBER | |
| Classification number | 894.812301 |
| Item number | DAM/SA |
| 100 ## - MAIN ENTRY--AUTHOR NAME | |
| Personal name | Damodharan, K . |
| 245 ## - TITLE STATEMENT | |
| Title | Sahithya niroopanam / |
| 250 ## - EDITION STATEMENT | |
| Edition statement | 1 / |
| 260 ## - PUBLICATION, DISTRIBUTION, ETC. (IMPRINT) | |
| Place of publication | Eranakulam : |
| Name of publisher | C I C C Book House , |
| Year of publication | 1963. |
| 300 ## - PHYSICAL DESCRIPTION | |
| Number of Pages | 164 ; . |
| 942 ## - ADDED ENTRY ELEMENTS (KOHA) | |
| Koha item type | Books |
| Withdrawn status | Lost status | Damaged status | Home library | Current library | Date acquired | Cost, normal purchase price | Full call number | Accession Number | Koha item type | Public note |
|---|---|---|---|---|---|---|---|---|---|---|
| Withdrawn | KAUAET | Malayalam University | 07/04/2012 | 2.50 | 894.812301 | 7512 | Books | Transferred to Malayalam University |
